|
|
|
|
| LEADER |
01517cas a2200277 a 4500 |
| 001 |
AALejournalIMF021978 |
| 008 |
230101c9999 xx r poo 0 0eng d |
| 020 |
|
|
|c 50.00 USD
|
| 020 |
|
|
|z 9781589064614
|
| 022 |
|
|
|a 0252-306X
|
| 040 |
|
|
|a BD-DhAAL
|c BD-DhAAL
|
| 110 |
2 |
|
|a International Monetary Fund.
|b Statistics Dept.
|
| 245 |
1 |
0 |
|a Direction of Trade Statistics Yearbook, 2005.
|
| 264 |
|
1 |
|a Washington, D.C. :
|b International Monetary Fund,
|c 2005.
|
| 300 |
|
|
|a 1 online resource (562 pages)
|
| 490 |
1 |
|
|a Direction of Trade Statistics
|
| 500 |
|
|
|a <strong>Off-Campus Access:</strong> No User ID or Password Required
|
| 500 |
|
|
|a <strong>On-Campus Access:</strong> No User ID or Password Required
|
| 506 |
|
|
|a Electronic access restricted to authorized BRAC University faculty, staff and students
|
| 520 |
3 |
|
|a The Direction of Trade Statistics yearbook gives seven years of data for about 184 countries and two sets of world and area summaries: world and area trade as seen by the reporting countries and as seen by the partner countries to those transactions. The yearbook is usually published in September.
|
| 538 |
|
|
|a Mode of access: Internet
|
| 650 |
|
7 |
|a General Financial Markets
|2 imf
|
| 650 |
|
7 |
|a Investment Decisions
|2 imf
|
| 650 |
|
7 |
|a Portfolio Choice
|2 imf
|
| 830 |
|
0 |
|a Direction of Trade Statistics; Direction of Trade Statistics ;
|v No. 2005/005
|
| 856 |
4 |
0 |
|z Full text available on IMF
|u http://elibrary.imf.org/view/books/042/01757-9781589064614-en/01757-9781589064614-en-book.xml
|z IMF e-Library
|